| 000 | 00514nam a2200181Ia 4500 | ||
|---|---|---|---|
| 999 |
_c23122 _d23122 |
||
| 003 | OSt | ||
| 005 | 20200512093808.0 | ||
| 008 | 190216s9999||||xx |||||||||||||| ||und|| | ||
| 020 | _a9789675062230 | ||
| 040 | _coclc | ||
| 082 |
_a297.267 _bGHA/M |
||
| 100 |
_aAl - Ghazali _92196 |
||
| 245 | 0 |
_aMusic And Singing / _cAl - Ghazali |
|
| 260 |
_bIslamic Book Trust, _c2009. _aKuala Lumpur: |
||
| 300 | _a139p | ||
| 650 | _aIslamic History | ||
| 942 |
_cBK _2ddc _h297.267 _iGHA/M _k297.267 _mGHA/M |
||